| 000 | 00359 a2200145 4500 | ||
|---|---|---|---|
| 082 | _a332.63295491 | ||
| 090 |
_c3245 _d3245 |
||
| 100 | _aKhan,M S. | ||
| 245 |
_aThe Securities Market in Pakistan _cM S Khan |
||
| 250 | _a1st | ||
| 260 |
_aKarachi _bRoyal Book Company _c1993 |
||
| 300 | _a113p | ||
| 500 | _aHard cover | ||
| 942 |
_aNBS _cBK _k332.63295491 KHA |
||
| 999 |
_c345733 _d345733 |
||